| 000 | 00490nam a2200145 a 4500 | ||
|---|---|---|---|
| 001 | 000032370 | ||
| 005 | 20200930065615.0 | ||
| 008 | 110714s1912 dr 000 0 spa d | ||
| 040 |
_aDO-SdBNP _bspa _cBNPHU |
||
| 100 | 1 |
_aRepública Dominicana _935843 |
|
| 245 | 1 | 0 | _aMemoria que al ciudadano presidente de la República presenta el Secretario de Estado de Agricultura é inmigración. |
| 260 |
_aSanto Domingo : _bImpEscobar y Cia., _c1912. |
||
| 300 |
_a53 p. p. ; _c28 cm. |
||
| 049 | _aBNPD | ||
| 999 |
_c31861 _d31861 |
||